01002 2200349 4500001002100000005001500021035002000036007000300056040001700059100003400076245003100110250001800141300003700159020001800196041000800214082001100222090002000233264003300253336002100286337003000307338002300337650003900360850001000399008004100409504002800450500004900478700004100527084001500568990002400583990002400607990002100631INLIS00000000000558820260501083108 a0010-0222000678ta aSBPUPADbInd0 aAbdurrahman Mas'udePengarang1 aDari Haramain Ke Nusantara a.-Ed 1, cet.1 axxxii,300 hlm :billus. ;c21 cm a979-3259-67-1 aInd a297.72 a332.7 KAR r 9-3 a.--Jakarta :bKencana,c2006 2rdacontentaTeks 2rdamediaaTanpa Perantara 2rdacarrieraVolume 4aJjak Intelektual Arsitek Pesantren aPUPAD260501 0  aDaftar Pustaka, 277-291 aIndeks, hal 297-299, Biodata Penulis 293-296 aEditor, Ubaidillah AchmadePengarang a297.72 ABD a6249/ARPUS-PDG/2007 a6248/ARPUS-PDG/2007 a6250/Br/Arpus 07